Normal view MARC view
  • London

Entry Corporate Name

Number of records used in: 1

001 - CONTROL NUMBER

  • control field: 4985

003 - CONTROL NUMBER IDENTIFIER

  • control field: SIRSI

005 - DATE AND TIME OF LATEST TRANSACTION

  • control field: 20190806150239.0

008 - FIXED-LENGTH DATA ELEMENTS

  • fixed length control field: 060717n| aaannaabn |n ana d

040 ## - CATALOGING SOURCE

  • Original cataloging agency: OSt
  • Transcribing agency: OSt

110 1# - HEADING--CORPORATE NAME

  • Corporate name or jurisdiction name as entry element: London
  • Subordinate unit: Greater London Authority
  • Subordinate unit: London Assembly
  • Subordinate unit: Planning and Spatial Development Committee

410 ## - SEE FROM TRACING--CORPORATE NAME

  • Corporate name or jurisdiction name as entry element: Planning and Spatial Development Committee (London)

410 ## - SEE FROM TRACING--CORPORATE NAME

  • Corporate name or jurisdiction name as entry element: GLA Planning and Spatial Development Committee

670 ## - SOURCE DATA FOUND

  • Source citation: Size matters, 2006